| 000 | 01519cam a2200313 a 4500 | ||
|---|---|---|---|
| 001 | 15534387 | ||
| 005 | 20090808104234.0 | ||
| 008 | 081125s2010 maua b 001 0 eng | ||
| 010 | _a 2008051008 | ||
| 020 | _a9780070166783(hard copy : alk. paper) | ||
| 020 | _a0070166781 (hard copy : alk. paper) | ||
| 035 | _a(OCoLC)ocn244764110 | ||
| 040 |
_aDLC _cDLC _dBTCTA _dC#P _dBWX _dCDX _dYDXCP _dDLC |
||
| 050 | 0 | 0 |
_aTK5105.585 _b.F67 2010 |
| 082 | 0 | 0 |
_a004.62 _222 _bFOR |
| 100 | 1 |
_aForouzan, Behrouz A. _911540 |
|
| 245 | 1 | 0 |
_aTCP/IP protocol suite / _cBehrouz A. Forouzan. |
| 250 |
_a4th ed. _bInternational ed. |
||
| 260 |
_aBoston : _bMcGraw-Hill Higher Education, _cc2010. |
||
| 300 |
_axxxv, 979 p. : _bill. (some col.) ; _c24 cm. |
||
| 500 | _aIncludes Index. | ||
| 500 | _aInternational ed. | ||
| 504 | _aIncludes bibliographical references (p. 955-956) and index. | ||
| 650 | 0 |
_aTCP/IP (Computer network protocol) _911541 |
|
| 942 |
_2ddc _cBB |
||
| 999 |
_c13430 _d13430 |
||